| 000 | 00576nam a22002057a 4500 | ||
|---|---|---|---|
| 003 | OSt | ||
| 005 | 20140310182800.0 | ||
| 008 | 130213t xxu||||| |||| 00| 0 eng d | ||
| 020 | _a0866120467 | ||
| 050 |
_aTH 3411 _b.St859 1996 |
||
| 082 |
_aG 647.94 _bSt5 1996 |
||
| 100 |
_aStipanuk, David M. _919063 |
||
| 245 |
_aFacilities management / _cDavid M. Stipanuk and Harold Roffman |
||
| 260 |
_aNew York _bVan Nostrand Reinhold _cc1996. |
||
| 300 |
_a252 p. : _c26 cm. |
||
| 526 | _c1210L-1700L | ||
| 942 |
_2lcc _cBK-SFU |
||
| 999 |
_c15950 _d15950 |
||